Normal view
MARC view
Entry Personal Name
001 - CONTROL NUMBER
- control field: 39281
003 - CONTROL NUMBER IDENTIFIER
- control field: OSt
005 - DATE AND TIME OF LATEST TRANSACTION
- control field: 20230703165141.0
008 - FIXED-LENGTH DATA ELEMENTS
- fixed length control field: 230703|| aca||aabn | a|a d
040 ## - CATALOGING SOURCE
- Original cataloging agency: OSt
- Transcribing agency: OSt
100 ## - HEADING--PERSONAL NAME
- Personal name: Galewicz, Cezary
670 ## - SOURCE DATA FOUND
- Source citation: Work cat.: (OSt)522299: Galewicz, Cezary , A jar of pure poetry over the head of a polluted god: on the cultural economy of Tiruniḻalmāla
